00988naa#a2200181#i#4500001002200000005001700022011001400039100004100053102000700094200024900101210016900350215001000519608004500529675012600574700006200700700003000762856001400792RU\INFRA-M\bibl\5273520260516202309.6##a1998-1740##a20230306b2023####ek#y0rusy0150####ca##aRU1#aПроектная деятельность в реализации непрерывного профессионального образования по физической культуре и спортуeЖурнальная статья1#aМоскваcОбщество с ограниченной ответственностью «Научно-издательский центр ИНФРА-М»d2023##a3 с.##aЖурнальная статья2local##aКурсы повышения квалификации дипломированных специалистов. 378.046.4#1aКиэлевяйненgЛариса Михайловна#1aКремневаgВ. Н.4#azh-szf.ru